| 000 | 00665nam a22002057a 4500 | ||
|---|---|---|---|
| 003 | OSt | ||
| 005 | 20230914113750.0 | ||
| 008 | 221006b |||||||| |||| 00| 0 eng d | ||
| 040 | _cBiblioteca Lado V | ||
| 082 |
_a779 _bP438m |
||
| 100 |
_91058 _aPérez Bravo, Marta María _eautor |
||
| 245 | _aMarta María Pérez Bravo/ | ||
| 260 |
_aCuba _bLa Casona Galería de Arte _c2002 |
||
| 300 |
_c23.5x21cm _a2p. |
||
| 366 | _espa | ||
| 650 |
_2Tesauro de Arte & Arquitectura _aARTE _9703 |
||
| 650 |
_2Tesauro de Arte & Arquitectura _aEXHIBICION _9702 |
||
| 650 |
_2Tesauro de Arte & Arquitectura _aFOLLETO _9702 |
||
| 942 |
_2ddc _c1 _h779 _iP438m _n0 |
||
| 999 |
_c4323 _d4323 |
||